Transfery powyżej 100 mln euro w historii piłki nożnej - Statystyki

Ogólne statystyki
  • Ten quiz został rozwiązany 80 razy
  • Średni wynik to 9 z 17
Statystyki odpowiedzi
Sezon Zawodnik % Poprawnych
17/18 Neymar
95%
18/19 Cristiano Ronaldo
89%
18/19 Kylian Mbappe
82%
23/24 Jude Bellingham
68%
17/18 Ousmane Dembele
68%
16/17 Paul Pogba
59%
13/14 Gareth Bale
57%
17/18 Philippe Coutinho
55%
19/20 Eden Hazard
54%
23/24 Harry Kane
51%
19/20 Antoine Griezmann
43%
22/23 Enzo Fernandez
42%
23/24 Moises Caicedo
42%
21/22 Jack Grealish
38%
19/20 Joao Felix
38%
21/22 Romelu Lukaku
38%
23/24 Declan Rie
9%
Nie znaleziono quizów pasujących do podanych kryteriów
Rozkład punktacji
Procent ludzi z każdym wynikiem
Percentyl według liczby udzielonych odpowiedzi
Twoja historia wyników
Nie rozwiązałeś tego quizu